| 000 | 00355nam a2200145Ia 4500 | ||
|---|---|---|---|
| 005 | 20251222143223.0 | ||
| 008 | 251222s9999||||xx |||||||||||||| ||spa|| | ||
| 020 | _a9788420639710 | ||
| 082 | _a523.1/H27/2007 | ||
| 100 | _aHawking, Stephen W. | ||
| 245 | 0 | _aHistoria del Tiempo | |
| 250 | _a1ra. ed. | ||
| 264 | _bAlianza Editorial, S.A. | ||
| 942 | _cLIB | ||
| 999 |
_c13879 _d13879 |
||